| 000 | 00846nam a2200289 a 4500 | ||
|---|---|---|---|
| 001 | 53597 | ||
| 003 | BD-RjUL | ||
| 005 | 20211209080005.0 | ||
| 008 | 161018s2007 ii a b 001 0 eng | ||
| 020 | _a9780070634244 | ||
| 020 | _a0070634246 | ||
| 035 | _a(BD-RjUL)53719 | ||
| 040 |
_aDLC _cDLC _dDLC _dBD-RjUL _beng |
||
| 041 | _aeng | ||
| 082 | 0 | 0 |
_a621.381 _223 _bMAE 2007 |
| 100 | 1 |
_aMalvino, Albert _9117211 |
|
| 245 | 1 | 0 |
_aElectronic principles / _cAlbert Malvino and David J. Bates |
| 250 | _a7th ed. (special indian ed.) | ||
| 260 |
_aNew Delhi : _bMcGraw-Hill, _c2007 [ Reprint 2010 ]. |
||
| 300 |
_axx, 1018 p. : _bill. ; _c25 cm. |
||
| 490 | _aTata Mcgraw-hill | ||
| 500 | _aIncludes index. | ||
| 650 | 0 |
_aElectronics. _9160177 |
|
| 700 |
_aBates, David J. _9160178 |
||
| 830 |
_aTata Mcgraw-hill _9216631 |
||
| 942 |
_2ddc _cBK |
||
| 999 |
_c53597 _d53597 |
||